It looks like you're offline.
Open Library logo
additional options menu

MARC record from Internet Archive

LEADER: 01886cam a2200421Ka 4500
001 ocm57907518
003 OCoLC
005 20151005055128.0
008 050302s2005 nyua 000 0 eng d
020 $a078511405X (pbk.) :$c$8.99
020 $a9780785114055 (pbk.)
035 $a(OCoLC)57907518
040 $aIMF$cIMF$dOCLCQ$dBAKER$dOCL$dUtOrBLW
050 14 $aPN6728.X2$bV382 2005
082 04 $a741.5/973$222
092 $aTEEN GN$bVAUN v.10
100 1 $aVaughan, Brian K.
245 10 $aUltimate X Men.$n[Vol. 10],$pCry Wolf /$cwriter, Brian K. Vaughan.
246 1 $iCry Wolf
250 $aDirect ed.
260 $aNew York :$bMarvel Comics,$cc2005.
300 $a1 v. (unpaged) :$bill. (chiefly col.) ;$c26 cm
336 $astill image$bsti$2rdacontent
337 $aunmediated$bn$2rdamedia
338 $avolume$bnc$2rdacarrier
500 $a"Contains material originally published in magazine form as Ultimate X-Men #50-53"--T.p. verso.
650 0 $aX-Men (Fictitious characters)$vComic books, strips, etc.
650 0 $aGraphic novels.
650 0 $aComic books, strips, etc.
907 $a.b20638723$b07-25-18$c02-08-07
998 $ag4$axfs$am8$b05-23-08$cm$da $e-$feng$gnyu$h0$i3
907 $a.b20638723$b05-28-15$c02-08-07
998 $ag4$am8$ar3$b05-23-08$cm$da$e-$feng$gnyu$h0$i26
980 $a0508
999 $yMARS
945 $aTEEN GN$bVAUG v.10$d - - $e12-11-2017 15:44$f0$g0$h12-14-17$i31223077602614$j211$0211$k - - $lg4taa$ol$p$8.99$q-$r-$s- $t1$u35$v8$w0$x1$y.i50971980$z05-23-08
945 $a GN VAUG v.10$d - - $e10-19-2018 13:17$f0$g0$h10-29-18$i31223106493480$j503$0503$k - - $lxfsaa$o-$p$8.99$q-$r-$s- $t1$u10$v0$w4$x0$y.i7975188x$z11-26-14
945 $aTEEN GN$bVAUN v.10$d - - $e02-05-2016 16:42$f0$g0$h02-14-16$i31223077602416$j221$0223$k - - $lm8taa$ol$p$8.99$q-$r-$s- $t1$u32$v6$w0$x0$y.i50971992$z05-23-08